000 00713nam a22001337a 4500
040 _cRUA
082 _aAED VAN 2015 B500 Or.1
100 _aVANH VIBOEUT; វ៉ាញ វីបឿត់
245 _aThe study on the economics efficiency in dry season rice production in sya commune, kandieng district, pursat province, ការសិក្សាពីប្រសិទ្ធភាពសេដ្ឋកិច្ចនៃផលិតកម្មដំណាំស្រូវប្រាំង នៅឃុំ​ស្យា ស្រុកកណ្ដៀង ខេត្តពោធិ៍សាត់
260 _aRUA
_bVAN
_c2015
300 _axi,61p.
_bill.
_c29cm.
856 _uVANH VIBOEUT
942 _cLMA
999 _c10486
_d10486